Phenolic resins technology handbook / (Record no. 27997)
[ view plain ]
| 000 -LEADER | |
|---|---|
| fixed length control field | 00804nam a2200205 a 4500 |
| 005 - DATE AND TIME OF LATEST TRANSACTION | |
| control field | 20090630140848.0 |
| 008 - FIXED-LENGTH DATA ELEMENTS--GENERAL INFORMATION | |
| fixed length control field | 010625s2001 ii b 000 0 eng |
| 010 ## - LCCN (DPL NO) | |
| LC control number | ENG-94306 |
| 020 ## - INTERNATIONAL STANDARD BOOK NUMBER | |
| Terms of availability | 1275.00 |
| International Standard Book Number | 9788190568500 |
| 035 ## - SYSTEM CONTROL NUMBER | |
| System control number | EN-77839 |
| 037 ## - SOURCE OF ACQUISITION | |
| Source of stock number/acquisition | DBAD / PUB |
| 040 ## - CATALOGING SOURCE | |
| Original cataloging agency | dpl |
| Language of cataloging | English |
| 082 ## - DEWEY DECIMAL CLASSIFICATION NUMBER | |
| Classification number | 668.4222 |
| 245 ## - TITLE STATEMENT | |
| Title | Phenolic resins technology handbook / |
| Statement of responsibility, etc | by NPCS Board of Consultants & Engineering |
| 260 ## - PUBLICATION, DISTRIBUTION, ETC. (IMPRINT) | |
| Place of publication, distribution, etc | Delhi |
| Name of publisher, distributor, etc | NIIR Project Consultancy Services |
| Date of publication, distribution, etc | (200?) |
| 270 ## - ADDRESS | |
| Address | 106-E, Kamla Nagar, |
| City | Delhi |
| Postal code | 110007 |
| 300 ## - PHYSICAL DESCRIPTION | |
| Extent | xi, 573p. |
| Dimensions | 23cm(pbk) |
| 942 ## - ADDED ENTRY ELEMENTS (KOHA) | |
| Source of classification or shelving scheme | Dewey Decimal Classification |
| Item type | English Books |
| Call number suffix | PHE |
| Classification part | 668.4222 |
| Withdrawn status | Lost status | Source of classification or shelving scheme | Damaged status | Not for loan | Collection code | Home library | Current library | Date acquired | Source of acquisition | Cost, normal purchase price | Total Checkouts | Full call number | Barcode | Date last seen | Copy number | Cost, replacement price | Koha item type |
|---|---|---|---|---|---|---|---|---|---|---|---|---|---|---|---|---|---|
| Dewey Decimal Classification | Not For Loan | Non-fiction | D.B.Act.Division | D.B.Act.Division | 30/06/2009 | DBAD / PUB | 1275.00 | 668.4222 PHE | EN-77839 | 30/06/2009 | 1 | 1275.00 | English Books |
